Bismarck; (Record no. 88850)

MARC details
000 -LEADER
campo de control de longitud fija 00738cam a2200253u 4500
001 - NÚMERO DE CONTROL
campo de control 32136
005 - FECHA Y HORA DE LA ÚLTIMA TRANSACCIÓN
campo de control 20230410132839.0
008 - DATOS DE LONGITUD FIJA--INFORMACIÓN GENERAL
campo de control de longitud fija 810604s1986 sp ch 000 0 spa
035 ## - NÚMERO DE CONTROL DEL SISTEMA
-- (DLC) 33008377
035 ## - NÚMERO DE CONTROL DEL SISTEMA
Número de control de sistema 8288361
010 ## - NÚMERO DE CONTROL DE LA BIBLIOTECA DEL CONGRESO
Número de control de LC 33008377
020 ## - NÚMERO INTERNACIONAL ESTÁNDAR DEL LIBRO
Número Internacional Estándar del Libro 8426112277
040 ## - FUENTE DE CATALOGACIÓN
Centro catalogador/agencia de origen DLC
Centro/agencia transcriptor CarP
Centro/agencia modificador DLC
050 14 - SIGNATURA TOPOGRÁFICA DE LA BIBLIOTECA DEL CONGRESO
Número de clasificación B DD 218
Número de ítem B622L 1986
100 1# - ENTRADA PRINCIPAL--NOMBRE DE PERSONA
Nombre de persona Ludwig, Emil,
Fechas asociadas al nombre 1881-1948.
245 00 - MENCIÓN DEL TÍTULO
Título Bismarck;
Resto del título historia de un luchador
Mención de responsabilidad, etc. Emil Ludwig.
250 ## - MENCION DE EDICION
Mención de edición 4a ed.
260 ## - PUBLICACIÓN, DISTRIBUCIÓN, ETC.
Lugar de publicación, distribución, etc. Barcelona :
Nombre del editor, distribuidor, etc. Editorial Juventud, s. a.
Fecha de publicación, distribución, etc. 1986
300 ## - DESCRIPCIÓN FÍSICA
Extensión 476 p.,
Dimensiones 22 cm.
600 10 - PUNTO DE ACCESO ADICIONAL DE MATERIA--NOMBRE DE PERSONA
Nombre de persona Bismarck, Otto,
Títulos y otros términos asociados al nombre fèurst von,
Fechas asociadas al nombre 1815-1898.
650 #0 - PUNTO DE ACCESO ADICIONAL DE MATERIA--TÉRMINO DE MATERIA
Término de materia o nombre geográfico como elemento de entrada Statesmen
Subdivisión geográfica Germany
Subdivisión de forma Biography.
700 2# - ENTRADA AGREGADA--NOMBRE PERSONAL
Nombre de persona Ramírez Valladares, Manuel,
Término indicativo de función/relación tr.
942 ## - ELEMENTOS DE ENTRADA SECUNDARIOS (KOHA)
Fuente del sistema de clasificación o colocación Clasificación de Library of Congress
Tipo de ítem Koha
Holdings
Estatus retirado Estado de pérdida Fuente del sistema de clasificación o colocación Estado de daño No para préstamo Colección Biblioteca de origen Biblioteca actual Ubicación en estantería Fecha de adquisición Serial enumeration / chronology Signatura topográfica completa Código de barras Visto por última vez Copia número Tipo de ítem Koha
    Clasificación de Library of Congress     Recursos Regionales Biblioteca Juan Bosch Biblioteca Juan Bosch Recursos Regionales (2do. Piso) 10/04/2023 1 B DD 218 B622L 1986 00000032424 17/11/2018 1